000 01012nam0a22002531 4500
001 rc\2709738
005 20230523171615.0
035 _a(NLR Aleph) 006837678
090 _a6612223
_c6612223
100 _a20110915d1934 |||y0rusy50 ca
101 0 _arus
102 _aRU
105 _ay z |||||
200 1 _aТорф
_eНекоторые данные о физ.-хим., теплотехн. и эксплоатационных свойствах торф. залежей Зап. обл.
_fИнж. С. Г. Кочер
_gЗап. обл. комплексный науч.-иссл. ин-т (ЗОНИ)
210 _aСмоленск
_cЗОНИ
_d1934
_gтип. им. Смирнова
215 _aОбл., 48, [2] с.
_d26х16 см.
320 _aБиблиогр.: "Литература" (10 назв.)
700 1 _aКочер
_bС. Г.
_gСтепан Григорьевич
801 0 _aRU
_bNLR
_gpsbo
801 1 _aRU
_bELAR
_2rusmarc
852 _aNLR
_j34-12/1462
942 _cBOOK
980 _aNB